000 00528nam a2200205Ia 4500
003 OSt
005 20230517155052.0
008 210423s2005 xx 000 0 und d
020 _a824700945
040 _cAL
041 _aeng
082 _a637 SPRE
_223
100 _aSPREER (Edgar);MIXA (Axel).
_9107146
245 _aMilk and dairy product technology.
260 _aNew York
_bMacel Dekkar
_c2005
300 _avii,483
_bPB
365 _b1995
_cINR
906 _adairy ; Milk ; product ; technology.
942 _2ddc
_cBK
999 _c164934
_d164934